000 00592nai a2200181Ia 4500
003 IN-BaIIA
008 211028c9999 xx s 000 0 eng d
022 _a2053-230X (Online)
022 _a2053-230X (Print)
040 _cIIA Library
245 0 _aActa Crystallographica Section F
_h[eJournal]
260 _aNew Jersey
_bJohn Wiley & Sons
310 _aMonthly
362 _a61(1); 2005 - Present
521 _bSubscribed through National Knowledge Resource Consortium (NKRC)
856 _uhttps://onlinelibrary.wiley.com/journal/s2053230x
_yClick Here to Access eJournal
942 _cEJ
999 _c33943
_d33943